| 000 | 00000nas##2200000za#4500 |
| 001 | 9.515638 |
| 003 | CaOODSP |
| 005 | 20200331215741 |
| 007 | ta |
| 008 | 150406c2000||||xxc|| p #||||f| |0eng|d |
| 022 | |a1495-6489 |
| 040 | |aCaOODSP|beng |
| 043 | |an-cn--- |
| 086 | 1 |aF1-27E |
| 110 | 1 |aCanada. |bDepartment of Finance. |
| 245 | 10|aTax expenditures and evaluations |
| 260 | |aOttawa - Ontario : |bFinance Canada |
| 310 | |aAnnual |
| 362 | 1 |a2000-- |
| 500 | |aContinues: Government of Canada tax expenditures (ISSN 1200-8591) , 1994-1999. |
| 520 | 3 |aProvides estimates and projections for broadly defined tax expenditures as well as evaluations and descriptive papers addressing specific tax measures. |
| 563 | |aSoftcover |
| 775 | 08|tDépenses fiscales et évaluations |w(CaOODSP)9.513960 |
| 776 | 0#|tTax expenditures and evaluations |w(CaOODSP)9.505822 |